Normal view
MARC view
Entry Topical Term
001 - CONTROL NUMBER
- control field: 720438
003 - CONTROL NUMBER IDENTIFIER
- control field:
005 - DATE AND TIME OF LATEST TRANSACTION
- control field: 20210627043556.0
008 - FIXED-LENGTH DATA ELEMENTS
- fixed length control field: 210627|| aca||aabn | a|a d
040 ## - CATALOGING SOURCE
- Original cataloging agency:
- Transcribing agency:
150 ## - HEADING--TOPICAL TERM
- Topical term or geographic name entry element: Tiles
670 ## - SOURCE DATA FOUND
- Source citation: Work cat.: ()592541: Great Britain. Dust Tile Committee. 720437, Report of a committee appointed to consider and advise on certain suggestion in connection with the study of the vernaculars /, 1933
